000 00943cam a22003011i 4500
001 on1062177644
003 TZ-ArACH
005 20220324233349.0
008 160829s2016 sz a 000 0 eng d
015 _aGBB6C0607
_2bnb
016 7 _a017992277
_2Uk
020 _a9783319377414
_q(pbk.)
020 _a3319377418
035 _a(OCoLC)1062177644
040 _cTZ-ArACH
049 _aTZAA
050 _aKZ7360
_b.N36 2014
100 1 _aNamakula, Catherine S.,
_eauthor.
245 1 0 _aLanguage and the right to fair hearing in international criminal trials /
_cCatherine S. Namakula.
300 _axxi; 146 p.
_billustrations (black and white) ;
_c24 cm
650 0 _aFair trial.
_92095
650 0 _aMultilingual communication.
650 0 _aInternational criminal law.
650 7 _aFair trial.
_2fast
_92095
650 7 _aInternational criminal law.
_2fast
650 7 _aMultilingual communication.
_2fast
942 _2lcc
_cBOOK
999 _c6605
_d6605